000 00909nam a2200229 a 4500
001 001138393
003 AM-YEHGA
005 20250618080122.0
008 s1900 tu |||||r|||||||||0|arm|d
040 _aAM-YeHGA
041 0 _aarm
044 _aai
100 1 _aԳաբամաճյան, Սիմոն,
_d1863-1942
_92977
245 1 0 _aՀաւաքածոյ ընտիր գրուածոց ազգային եւ օտար մատենագրաց :
_bԱշխարհիկ լեզուաւ արձակ եւ ոտանաւոր : Պատկերազարդ /
_cՍ. Գաբամաճեան.
250 _aԴ տպագրութիւն, հիմնովին բարեփոխուած
260 _aԿ. Պոլիս :
_bՊ. Պալենց գրատուն,
_c1900.
300 _aմաս ;
_c18 սմ.
505 0 _gՄ. Ա (1900, 174 էջ ; նկ.)
650 1 4 _aՀայ գրականություն
_vՔրեստոմատիա
942 _2udc
_cBK
090 _c566349
999 _c528169
_d528169